000
00288nam a2200109Ia 4500
008
220204s9999 xx 000 0 und d
082
_a
351.824.11(548.3)
_b
KER
245
0
_a
Conditions of supply of electrical energy
260
_a
Kerala
_b
KSEB
650
_a
Electricity supply
942
_c
BK
999
_c
23225
_d
23225